| 000 | 00527nam a2200193Ia 4500 | ||
|---|---|---|---|
| 003 | GCL | ||
| 008 | 140319s9999 xx 000 0 eng d | ||
| 040 |
_aGCL / _cGCL |
||
| 082 | 0 | 4 |
_a153 _bH M |
| 100 | 1 | _aGELMAN, SUSAN | |
| 245 | 1 | 0 |
_aMAPPING THE MIND / _cGELMAN, SUSAN |
| 700 | 1 | _aHIRSCHFELD, LAWFENCE A. | |
| 260 |
_a[S.N] : _bCOMBRIDGE UNIVERSITY PRESS ، _c1994 |
||
| 300 | _a516 P | ||
| 650 | 0 | 4 | _aHUMAN INFORMATION PROCESSING |
| 650 | 0 | 4 | _aSCHEMAS (PSYCHOLOGY) |
| 650 | 0 | 4 | _aCOGNITION AND CULTURE |
| 942 |
_2ddc _cBK |
||
| 999 |
_c18226 _d18226 |
||